000
00253nam a2200097Ia 4500
001
724690
005
20250826163355.0
008
250824s9999 xx 000 0 und d
245
0
_a
YASEMİNLER TÜTER Mİ, Hâlâ?
_c
ALEV ALATLI
260
_b
EVEREST YAYINLARI
999
_c
724690
_d
724690